| 000 | 00555nam a22002057a 4500 | ||
|---|---|---|---|
| 003 | 0 | ||
| 005 | 20260116100609.0 | ||
| 008 | 260116b xxu||||| |||| 00| 0 eng d | ||
| 020 | _a9780486828305 | ||
| 050 |
_aCL _bFr939 2019 |
||
| 082 |
_aCL _bFr939 2019 |
||
| 100 | _aFrost, Robert | ||
| 245 |
_aNew Hampshire _cRobert Frost |
||
| 250 | _aDover Thrift editions | ||
| 260 |
_aMineola, New York : _bDover Publications, Inc., _c2019. |
||
| 300 |
_axii, 113 pages ; _c21 cm. |
||
| 650 |
_aNew Hampshire _xPoetry. |
||
| 650 | _aPoetry. | ||
| 942 |
_2ddc _cBK |
||
| 999 |
_c368708 _d368708 |
||